ბათუმის შოთა რუსთაველის სახელმწიფო უნივერსიტეტის ბიბლიოთეკა

Очерк о первой меди / (ბიბ.ჩანაწერი № 61059)

000 -LEADER
fixed length control field 00634nam a22001697a 4500
005 - DATE AND TIME OF LATEST TRANSACTION
control field 20231213103655.0
008 - FIXED-LENGTH DATA ELEMENTS--GENERAL INFORMATION
fixed length control field 231213s1976 ru ||||| |||| 00| 0 rus d
041 ## - LANGUAGE CODE
Language code of text/sound track or separate title ru
080 ## - UNIVERSAL DECIMAL CLASSIFICATION NUMBER
Universal Decimal Classification number 553.43+622.343(09) M-17
100 ## - MAIN ENTRY--PERSONAL NAME
Personal name Максимов, М.М.
9 (RLIN) 20674
245 ## - TITLE STATEMENT
Title Очерк о первой меди /
Statement of responsibility, etc. М.М. Максимов; М.Б. Горнунг.
264 ## - PRODUCTION, PUBLICATION, DISTRIBUTION, MANUFACTURE, AND COPYRIGHT NOTICE
Place of production, publication, distribution, manufacture Москва:
Name of producer, publisher, distributor, manufacturer Недра,
Date of production, publication, distribution, manufacture, or copyright notice 1976.
300 ## - PHYSICAL DESCRIPTION
Extent 96 с.:
Other physical details ил. ;
Dimensions 17 см.
653 ## - INDEX TERM--UNCONTROLLED
keyword ნარკვევი პირველ სპილენძზე
700 ## - ADDED ENTRY--PERSONAL NAME
Personal name Горнунг, М.Б.
Relator term ავტორი
9 (RLIN) 20683
942 ## - ADDED ENTRY ELEMENTS (KOHA)
Source of classification or shelving scheme
Koha item type წიგნი
ეგზემპლარები
Withdrawn status Lost status Source of classification or shelving scheme Damaged status Not for loan Permanent Location Current Location Shelving location Date acquired Cost, normal purchase price Full call number Barcode Date last seen Copy number Uniform Resource Identifier Price effective from Koha item type Public note
          ბათუმის შოთა რუსთაველის სახელმწიფო უნივერსიტეტის მთავარი ბიბლიოთეკა ბათუმის შოთა რუსთაველის სახელმწიფო უნივერსიტეტის მთავარი ბიბლიოთეკა წიგნსაცავი 2023-12-13 5.00 553.43+622.343(09) M-17 65594 2023-12-13 65594 ბსუ-ს საპატიო დოქტორის გურამ ლორთქიფანიძის საჩუქარი 2023-12-13 წიგნი 5 ლ.